| 000 | 00379nam a2200145Ia 4500 | ||
|---|---|---|---|
| 008 | 240624s9999 xx 000 0 und d | ||
| 041 | _aeng | ||
| 082 | _a344.01 KUM | ||
| 100 | _aKUMAR H L | ||
| 245 | _aCHECKLIST OBLIGATION OF EMPLOYERS UNDER | ||
| 250 | _a(3rd ed.) | ||
| 260 |
_c1997 _aDelhi _bUniversal Law Publishing |
||
| 300 | _axxxvi, : 370 : p. : cm. ; 21 | ||
| 365 | _cRS | ||
| 999 |
_c2513 _d2513 |
||